<?xml version="1.0" encoding="UTF-8"?>
<record
    xmlns:xsi="http://www.w3.org/2001/XMLSchema-instance"
    xsi:schemaLocation="http://www.loc.gov/MARC21/slim http://www.loc.gov/standards/marcxml/schema/MARC21slim.xsd"
    xmlns="http://www.loc.gov/MARC21/slim">

  <leader>01560nab a2200289uuc4500</leader>
  <controlfield tag="001">1073159</controlfield>
  <controlfield tag="005">20251002100649.0</controlfield>
  <controlfield tag="008">080326e20071201                    spa  </controlfield>
  <datafield tag="035" ind1=" " ind2=" ">
    <subfield code="a">1073159</subfield>
  </datafield>
  <datafield tag="035" ind1=" " ind2=" ">
    <subfield code="a">(OCoLC)820394728</subfield>
  </datafield>
  <datafield tag="040" ind1=" " ind2=" ">
    <subfield code="c">comduadb</subfield>
  </datafield>
  <datafield tag="041" ind1=" " ind2=" ">
    <subfield code="a">spa</subfield>
  </datafield>
  <datafield tag="100" ind1="1" ind2="0">
    <subfield code="a">Abal Medina, Paula</subfield>
    <subfield code="4">aut</subfield>
    <subfield code="e">aut</subfield>
    <subfield code="9">454020</subfield>
  </datafield>
  <datafield tag="245" ind1="1" ind2="3">
    <subfield code="a">El destierro de la alteridad : el caso Wall Mart Argentina</subfield>
  </datafield>
  <datafield tag="260" ind1=" " ind2=" ">
    <subfield code="c">01-DIC-2007.</subfield>
  </datafield>
  <datafield tag="520" ind1="3" ind2=" ">
    <subfield code="a">En el presente art&#xED;culo se aplica la noci&#xF3;n de dispositivo de poder al estudio de las relaciones entre capital y trabajo en la empresa de supermercados e hipermercados Wal Mart. Se abordan dos cuestiones centrales: en primer lugar se describe y analiza una multiplicidad de pr&#xE1;cticas de poder que integran los distintos elementos del dispositivo de la empresa. En un segundo momento anal&#xED;tico, y tambi&#xE9;n expositivo, se aborda la problem&#xE1;tica del modo de subjetivaci&#xF3;n del capital y de la l&#xED;nea de fuerza general y singular que define la relaci&#xF3;n estudiada.</subfield>
  </datafield>
  <datafield tag="650" ind1=" " ind2=" ">
    <subfield code="a">Capital y trabajo</subfield>
    <subfield code="9">37561</subfield>
  </datafield>
  <datafield tag="650" ind1=" " ind2=" ">
    <subfield code="a">Wal Mart (Empresa comercial) - Estados Unidos</subfield>
    <subfield code="9">157157</subfield>
  </datafield>
  <datafield tag="650" ind1=" " ind2=" ">
    <subfield code="a">Ideologia y poder</subfield>
    <subfield code="9">141308</subfield>
  </datafield>
  <datafield tag="650" ind1=" " ind2="7">
    <subfield code="a">Poder pol&#xED;tico</subfield>
    <subfield code="2">lemb</subfield>
    <subfield code="9">961</subfield>
  </datafield>
  <datafield tag="650" ind1=" " ind2=" ">
    <subfield code="a">Argentina - Pol&#xED;tica</subfield>
    <subfield code="9">172289</subfield>
  </datafield>
  <datafield tag="650" ind1=" " ind2=" ">
    <subfield code="a">Argentina - Condiciones socioecon&#xF3;micas</subfield>
    <subfield code="9">40662</subfield>
  </datafield>
  <datafield tag="650" ind1=" " ind2="7">
    <subfield code="a">Condiciones de trabajo</subfield>
    <subfield code="2">unescot</subfield>
    <subfield code="9">1398</subfield>
  </datafield>
  <datafield tag="650" ind1=" " ind2="7">
    <subfield code="a">Otro (Filosof&#xED;a)</subfield>
    <subfield code="2">embne</subfield>
    <subfield code="9">116259</subfield>
  </datafield>
  <datafield tag="773" ind1="0" ind2=" ">
    <subfield code="t">Revista Mexicana de Sociolog&#xED;a (M&#xE9;xico)</subfield>
    <subfield code="g">Vol. 69, No. 04, Oct.-Dic. 2007, p. 683-727</subfield>
    <subfield code="w">197398</subfield>
    <subfield code="x">0188-2503</subfield>
    <subfield code="0">86706</subfield>
  </datafield>
  <datafield tag="942" ind1=" " ind2=" ">
    <subfield code="c">ARIMP</subfield>
  </datafield>
  <datafield tag="999" ind1=" " ind2=" ">
    <subfield code="c">452763</subfield>
    <subfield code="d">452763</subfield>
  </datafield>
</record>
